000
00288nam a22000977a 4500
008
230425b |||||||| |||| 00| 0 eng d
020
_a
9780340893166
100
_a
Blyton Guid
_9
7607
245
_a
The Secret Seven ( Puzzle for the Secret Seven)
260
_a
London
_b
Hodder Childern Books
_c
2015
999
_c
12280
_d
12280